000 00306nam a22001457a 4500
008 210308b ||||| |||| 00| 0 eng d
020 _a9781285190167
041 _aeng
080 _a159.9
082 _a159.9
100 _a48
101 _aPSI
245 _aPsychology
_cRiegler, G.R
942 _2udc
_cBK
999 _c55900
_d55900